000 01172cam a2200361 i 4500
001 2217541
003 OSt
005 20260217163409.0
008 751024s1976 pau b 000 0 eng
010 _a 75037611
020 _a066421312X.
_a0664241123
020 _a9780664241124
035 _a2217541
040 _aDLC
_cDLC
_dDLC
041 1 _aeng
_aheb
050 0 0 _aBS2773
_b.B37 1976
082 0 0 _a227/.87/077
130 0 _aBible.
_pHebrews.
_lEnglish.
_sBarclay.
_f1976.
245 1 4 _aThe Letter to the Hebrews /
_ctranslated with an introd. and interpretation by William Barclay.
250 _aRev. ed.
260 _aPhiladelphia :
_bWestminster Press,
_cc1976.
300 _aviii, 202, [1] p. ;
_c19 cm.
336 _atext
_btxt
_2rdacontent
337 _aunmediated
_bn
_2rdamedia
338 _avolume
_bnc
_2rdacarrier
440 4 _aThe Daily study Bible series -- Rev. ed.
504 _aBibliography: p. [203]
630 0 0 _aBible.
_pHebrews
_xCommentaries.
700 1 _aBarclay, William,
_d1907-1978.
906 _a7
_bcbc
_corignew
_d1
_eocip
_f19
_gy-gencatlg
942 _2lcc
_cBK
999 _c21270
_d21269